The Young People / (Record no. 184772)

000 -LEADER
fixed length control field 00783 a2200169 4500
003 - CONTROL NUMBER IDENTIFIER
control field Nust
005 - DATE AND TIME OF LATEST TRANSACTION
control field 20230306122127.0
040 ## - CATALOGING SOURCE
Transcribing agency Nust
082 ## - DEWEY DECIMAL CLASSIFICATION NUMBER
Classification number 305.23,BER
100 ## - MAIN ENTRY--PERSONAL NAME
Personal name Beresford J. D
9 (RLIN) 109865
245 ## - TITLE STATEMENT
Title The Young People /
Statement of responsibility, etc. J D. Beresford
260 ## - PUBLICATION, DISTRIBUTION, ETC.
Place of publication, distribution, etc. London
Name of publisher, distributor, etc. Collins
Date of publication, distribution, etc. 1933
300 ## - PHYSICAL DESCRIPTION
Extent 269:p .;
505 ## - FORMATTED CONTENTS NOTE
Formatted contents note Parents an Children Introduction (Paeg-7), Judith (Paeg-25), Doing Something (Paeg-34), Miles (Paeg-62), Anitra (Paeg-81), The Silent Worshipper (Paeg-101), Joe and Hannah (Paeg-119), Understanding (Paeg-141), Among the Mountains (Paeg-152), Taking Sides (Paeg-172), Among the Mountains (Paeg-152), Taking Sides (Paeg-172), Anitra’s Smile (Paeg-199), Owen and Judith (Paeg-238), CODA (Paeg-253),
650 ## - SUBJECT ADDED ENTRY--TOPICAL TERM
Topical term or geographic name entry element The Young People
9 (RLIN) 109866
942 ## - ADDED ENTRY ELEMENTS (KOHA)
Source of classification or shelving scheme
Koha item type Book
Holdings
Withdrawn status Lost status Source of classification or shelving scheme Damaged status Not for loan Permanent Location Current Location Shelving location Date acquired Full call number Barcode Date last seen Price effective from Koha item type Public note
          Military College of Signals (MCS) Military College of Signals (MCS) General Stacks 12/12/2016 305.23,BER MCS29823 12/08/2016 12/12/2016 Book Almirah No.73, Shelf No.4
© 2023 Central Library, National University of Sciences and Technology. All Rights Reserved.